000 00554nam a22001817a 4500
005 20231027105026.0
008 231027b |||||||| |||| 00| 0 eng d
020 _a0702107980 ; 0702107972
041 _aEnglish
082 _a349 WIL
100 _aGibson, JTR
_lEnglish
245 _aWille's Principles of South African Law /
_cJTR Gibson
250 _aSeventh Edition
260 _aCape Town :
_bJuta and Company Ltd,
_c1977
300 _bxliv, 569 pages ;
_c26 cm.
650 _aLegal practice
_bLaw
942 _cBK
_6ALISON_BN_VRIES
999 _c115
_d115